| 000 | 00506nam a2200169Ia 4500 | ||
|---|---|---|---|
| 008 | 090201s9999 xx 000 0 und d | ||
| 010 | _aKPL-23091 | ||
| 040 | _bमराठी | ||
| 041 | _aमराठी | ||
| 082 |
_a4172 _b23091 |
||
| 100 | _aना. रा. शेंडे | ||
| 245 |
_aगायत्री _cना. रा. शेंडे |
||
| 260 |
_c2004 _bश्रीशेष प्रकाशन |
||
| 300 |
_a215 _bमोठा |
||
| 600 | _aगायत्री | ||
| 942 | _cBOOK | ||
| 999 |
_c205236 _d205236 |
||